| 000 | 00900nam a22002175i 4500 | ||
|---|---|---|---|
| 001 | 68488 | ||
| 003 | ES-MaACL | ||
| 005 | 20230906170309.0 | ||
| 007 | t| | ||
| 008 | 960805s1882 sp ||||1| spa d | ||
| 100 | 1 |
_aGarcía Maceira, Antonio. _954871 |
|
| 245 | 1 | 0 |
_aBeneficios de las aves insectívoras / _cpor Don Antonio García Maceira. |
| 260 |
_aMadrid : _b[s.n.], _c1882 ( _fEstab. Tip. de Gregorio Juste) |
||
| 300 |
_a26 p. ; _c21 cm. |
||
| 530 | _aDisponible en formato digital. | ||
| 586 | _aObra premiada en el primer concurso público celebrado en 1881 por la Sociedad Madrileña Protectora de los Animales y de las Plantas | ||
| 650 | 4 |
_aAves útiles. _9150849 |
|
| 710 | 2 |
_aSociedad Madrileña Protectora de los Animales y de las Plantas. _9155021 |
|
| 852 | 4 |
_aES-MaACL _jT-360-F-24 |
|
| 856 | 4 |
_uhttp://bdh-rd.bne.es/viewer.vm?id=0000101234&page=1 _zBiblioteca Digital Hispánica |
|
| 999 |
_c68488 _d68488 |
||